| 000 | 00908nas a2200301 4500 | ||
|---|---|---|---|
| 001 | BR0000988 | ||
| 003 | BR-BrBNA | ||
| 005 | 20231205101716.0 | ||
| 007 | ta | ||
| 008 | 230509b bl.|||p| |||| 00| 00por d | ||
| 040 |
_aBR-BrBNA _bpor _cBiblioteca Nacional de Agricultura |
||
| 041 | _a(Pt) | ||
| 072 | _aL73 | ||
| 100 | 1 | _aSequeira, J.L. | |
| 100 | 1 | _aFranco, M. | |
| 100 | 1 | _aBandarra, E.P. | |
| 100 | 1 | _aFigueiredo, L.M.A. | |
| 100 | 1 | _aRocha, N.S. | |
| 245 | 1 | _aCaracteristicas anatomoclinicas dos linfomas caninos na regiao de Botucatu, Sao Paulo | |
| 650 | _aCao | ||
| 650 | _aLinfoma | ||
| 650 | _aAnalise de Laboratorio | ||
| 650 | _aDiagnostico | ||
| 650 | _aSao Paulo | ||
| 773 | 0 |
_tArquivo Brasileiro de Medicina Veterinaria e Zootecnia (Brazil) _xISSN 0102-0935 _g(Jun 1999), v. 51(3) p. 245-249 _wBR0000988 |
|
| 909 |
_a202311 _bLúcia _c55 _dLúcia Elande |
||
| 942 |
_2AGRIS _n0 _cANA |
||
| 999 |
_c163408 _d163408 |
||